000
00288 a2200121 4500
245
_a
ORGANISATIONAL DEVELOPMENT
_h
Text
020
_a
1869283678
100
_a
MOERDYK, A
100
_a
AARDT, V.C
650
_a
NEW METHODS AND MODELS FOR SOUTHERN AFRICA
005
20191021095228.0
260
_c
1978
084
_a
NONE
999
_c
11979
_d
11979